FIFA / EASFC:n Ultimate Teamissa olleet suomalaispelaajat - Statistics

Yleistilastot
  • Tätä visaa on pelattu 59 kertaa
  • Keskiarvotulos 42 / 223
Vastaustilastot
Ensiesiintyminen Viimeisin esiintyminen Rating, pelipaikka, joukkueet Nimi % Oikein
FIFA 10 FIFA 11 70-80, CB, Leverkusen Sami Hyypiä
100%
FIFA 16 EASFC 25 85-91, CAM/CF Jari Litmanen
90%
FIFA 15 EASFC 26 64-75, ST, Fortuna Dusseldorf, Leverkusen, HSV, Union Berlin, Rizespor, Venezia, Palermo Joel Pohjanpalo
90%
FIFA 12 EASFC 26 70-77, ST, Schalke, Celtic, Brondby, Norwich, Minnesota United, HJK Teemu Pukki
90%
FIFA 12 FIFA 19 78-82, CM/CAM, Rubin Kazan, TsSKA Moscow, Spartak Moscow Roman Eremenko
80%
FIFA 11 FIFA 15 70-74, CAM, Kilmarnock, Rubin Kazan Alexei Eremenko
70%
FIFA 10 FIFA 17 69-84, GK, Bolton, West Ham, Wigan Jussi Jääskeläinen
70%
FIFA 19 FIFA 19 64, CM, Spartak Moscow Sergei Eremenko
70%
FIFA 16 EASFC 26 51-75, CDM/CM, Arsenal, Southend, Dundee, Rangers, Leeds, Rennes, Al-Shabab Glen Kamara
60%
FIFA 10 EASFC 25 69-79, CB, AZ, Ajax, Sampdoria, Werder Bremen, Malmö Niklas Moisander
60%
FIFA 18 FIFA 22 51-64, GK, Crewe Alexandra William Jääskeläinen
60%
FIFA 10 FIFA 10 77, GK, Portsmouth Antti Niemi
50%
FIFA 12 EASFC 26 56-75, GK, Fulham, Accrington, Stevenage, Horsens, FC Kobenhavn, Brescia, Venezia, Palermo Jesse Joronen
50%
FIFA 11 EASFC 26 60-84, GK, Esbjerg, Brondby, Eintracht Frankfurt, Leverkusen, Monaco Lukas Hradecky
50%
FIFA 10 FIFA 17 63-76, ST, Hannover, HJK Mikael Forssell
50%
FIFA 10 FIFA 14 65-74, CB, Werder Bremen, Red Bull Salzburg, Aarhus Petri Pasanen
50%
FIFA 19 FIFA 21 65-69, LM/CAM, Miedz Legnica, HJK, Stal Mielec Petteri Forsell
50%
FIFA 18 EASFC 26 60-71, CM/RM/LW, AIK, Tromso, Brann, Inter Miami, Austin FC Robert Taylor
50%
FIFA 13 EASFC 26 67-75, RM/CM/CDM/CB, Mönchengladbach, Kaiserslautern, New York City FC, Austin FC, HJK Alexander Ring
40%
FIFA 11 EASFC 25 63-72, CB, Djurgården, Molde, Termalica Nieciecza, Häcken, HJK Joona Toivio
40%
FIFA 13 FIFA 20 65-69, LB, Häcken Kari Arkivuo
40%
FIFA 23 EASFC 26 56-63, GK, Chelsea, Peterborough, Mallorca Lucas Bergström
40%
FIFA 10 FIFA 13 60-63, CM, AlbinoLeffe, Reggina Mehmet Hetemaj
40%
FIFA 23 EASFC 26 63-64, CM/LW, Warta Poznan, Halmstad Niilo Mäenpää
40%
FIFA 10 EASFC 25 64-69, GK, Willem II, VVV-Venlo, Brighton, Bristol City, Venezia, HJK Niki Mäenpää
40%
FIFA 17 FIFA 21 63-65, RW/RM/RB, Halmstad, HJK Nikolai Alho
40%
FIFA 11 FIFA 23 61-73, CB, Kalmar, Lech Poznan, Brondby, HJK Paulus Arajuuri
40%
FIFA 10 EASFC 24 64-77, CM/LM, Twente, Brescia, Chievo, Benevento, HJK Perparim Hetemaj
40%
FIFA 18 EASFC 26 66-71, CM/CDM, HJK, Minnesota United, Djurgården Rasmus Schuller
40%
FIFA 16 EASFC 26 64-75, CAM/LM/RM/CM, Panathinaikos, Sporting Gijon, Minnesota United Robin Lod
40%
FIFA 10 FIFA 22 61-74, CDM/CM/CB, Halmstad, Groningen, Greuther Furth, Midtjylland, HJK Tim Sparv
40%
FIFA 15 FIFA 19 64-66, ST, Real Madrid, AIK, Dynamo Dresden, Randers, Dalkurd Eero Markkanen
30%
EASFC 24 EASFC 26 63, GK, HJK Jesse Öst
30%
FIFA 14 FIFA 22 60-68, CB, Terek Groznyi, Häcken, Vejle, Motherwell Juhani Ojala
30%
FIFA 17 EASFC 26 51-76, CM, Midtjylland, HJK, Lilleström, Sparta Praha Kaan Kairinen
30%
FIFA 21 EASFC 26 53-62, ST, Stal Mielec, HJK, Värnamo Kai Meriluoto
30%
FIFA 11 FIFA 19 66-72, CM/CAM/LM, Djurgården, Lech Poznan, Legia Warszawa Kasper Hämäläinen
30%
FIFA 10 FIFA 16 63-67, ST, Liverpool, Fulham, Dundee, Crewe Lauri Dalla Valle
30%
FIFA 20 EASFC 26 63-70, ST, Brentford, Wimbledon, Hull, Middlesbrough, Bolton Marcus Forss
30%
EASFC 26 EASFC 26 65, CDM, Djurgården Matias Siltanen
30%
FIFA 21 EASFC 26 53-66, CB/CDM, HJK, DC United Matti Peltola
30%
FIFA 14 FIFA 14 66, RM, Häcken Mika Ojala
30%
FIFA 21 EASFC 26 61-66, CB, HJK, Djurgården Miro Tenho
30%
EASFC 24 EASFC 26 78-79, RB, Chicago, Portland Natalia Kuikka
30%
FIFA 19 EASFC 26 55-66. LB/LWB, QPR, Los Angeles FC, Kilmarnock, LA Galaxy, HJK, Haugesund Niko Hämäläinen
30%
EASFC 24 EASFC 26 70-72, CM, Tottenham Olga Ahtinen
30%
FIFA 20 EASFC 26 53-75, CM/CAM/CF/RM/RW, Nordsjaelland, Groningen, Go Ahead Eagles, Rangers Oliver Antman
30%
FIFA 20 EASFC 26 62-66, CM/ST, Tromso, San Diego FC Onni Valakari
30%
FIFA 13 FIFA 23 64-69, RM/ST/LW/RW, Honefoss, Rosenborg, IFK Göteborg, Dundee, Odd, HJK Riku Riski
30%
FIFA 17 FIFA 20 60-63, RB, HJK Roni Peiponen
30%
FIFA 10 FIFA 13 64-67, LW/LM, Örebro, Germinal Beerschot Roni Porokara
30%
FIFA 10 FIFA 14 72-76, CM/CDM, Birmingham, Ajax, New York Red Bulls Teemu Tainio
30%
FIFA 13 EASFC 24 63-70, CB, AZ, PEC Zwolle, Nottingham, Twente, Melbourne City Thomas Lam
30%
FIFA 22 EASFC 26 63-65, RW/LM, Caen, Mjällby Timo Stavitski
30%
EASFC 24 EASFC 26 62-67, LW/RM, HJK, Aberdeen Topi Keskinen
30%
FIFA 23 EASFC 26 55-69, GK, Aston Villa, Burton Albion, Exeter City, Celtic Viljami Sinisalo
30%
FIFA 10 FIFA 23 53-66, GK, Siena, Slavia Praha, Kilmarnock, Reading, Bristol Rovers Anssi Jaakkola
20%
FIFA 22 EASFC 26 60-66, CAM, HSV, Jahn Regersburg, Östers Anssi Suhonen
20%
FIFA 23 EASFC 26 57-66, CB, HJK, Cracovia, Stockport Arttu Hoskonen
20%
FIFA 21 EASFC 26 52-66, RW/RM, HJK, Union SG, Paderborn, OH Leuven Casper Terho
20%
EASFC 25 EASFC 25 66, RW, Lech Poznan Daniel Håkans
20%
FIFA 15 EASFC 26 55-67, CB, Brenford, Midtjylland, Cheltenham, HJK Daniel O'Shaughnessy
20%
FIFA 11 FIFA 19 66-71, CM, Djurgården, Åtvidaberg, Norrköping Daniel Sjölund
20%
EASFC 26 EASFC 26 61, RB, Dundee Dario Naamo
20%
EASFC 24 EASFC 26 70-71, CB, Louisville, Rosengård Elli Pikkujämsä
20%
EASFC 24 EASFC 24 80, RWB, Liverpool Emma Koivisto
20%
EASFC 24 EASFC 26 76, CM, Tottenham Eveliina Summanen
20%
FIFA 18 EASFC 25 69-74, CAM, Twente, Augsburg Fredrik Jensen
20%
FIFA 10 FIFA 10 73, CB, Zurich Hannu Tihinen
20%
FIFA 21 EASFC 26 52-64, GK, HJK, Sandefjord, Värnamo Hugo Keto
20%
EASFC 26 EASFC 26 60, RB, Union Berlin Ida Heikkinen
20%
FIFA 22 EASFC 26 63-65, RM/LW/RB, Dundee, Exeter Ilmari Niskanen
20%
FIFA 21 FIFA 23 61-62, ST, Häcken, Tromso Jasse Tuominen
20%
FIFA 14 EASFC 25 62-74, LB, Helsingborg, Genk, Brest, Schalke, Charlotte FC, AIK Jere Uronen
20%
FIFA 17 FIFA 17 54, GK, HJK Jiri Koski
20%
FIFA 15 FIFA 23 63-67, CDM/CM, Energie Cottbus, Randers, Esbjerg, ATK Mohun Bagan Joni Kauko
20%
FIFA 10 FIFA 11 68-69, LW/RW, NAC Breda Joonas Kolkka
20%
EASFC 26 EASFC 26 66, CB, Degerfors Juhani Pikkarainen
20%
EASFC 26 EASFC 26 63, LB, Nordsjaelland Juho Lähteenmäki
20%
FIFA 10 EASFC 24 64-68, LB/CB, Hoffenheim, Paderborn, Osasuna, Heerenveen, Vestsjaelland, Aalborg, Sogndal, Columbus, Montreal, Minnesota, HJK Jukka Raitala
20%
EASFC 24 EASFC 26 70-71, RW/ST, Leicester Jutta Rantala
20%
FIFA 17 EASFC 26 57-69, ST/LW/LM, HJK, CF Montreal, Columbus Crew Lassi Lappalainen
20%
FIFA 17 EASFC 26 58-69, CB, HJK, Elfsborg, Austin FC, Häcken Leo Väisänen
20%
FIFA 22 EASFC 26 53-69, CAM/CM, Nordsjaelland, Mjällby, Sirius Leo Walta
20%
FIFA 10 FIFA 13 58-71, CDM, Rapid Wien Markus Heikkinen
20%
FIFA 10 FIFA 14 67-72, CB, Tromso Miika Koppinen
20%
EASFC 25 EASFC 26 59-60, CB, Tromso, Haugesund Miika Koskela
20%
FIFA 10 FIFA 16 64-70, CM/CAM, Heerenveen, LA Galaxy Mika Väyrynen
20%
EASFC 25 EASFC 26 56-60, RB, HJK Miska Ylitolva
20%
FIFA 22 EASFC 26 62-71, CAM/CM, Toulouse, Viking, Odense, Dunkerque, Kaiserslautern Naatan Skyttä
20%
EASFC 25 EASFC 26 63-69, CM, Bologna, Sudtirol, Modena Niklas Pyyhtiä
20%
FIFA 10 FIFA 10 58, ST, TuS Koblenz Njazi Kuqi
20%
EASFC 25 EASFC 26 65, CAM, Famalicao, Värnamo Otso Liimatta
20%
FIFA 10 FIFA 13 59-64, GK, Cardiff, St. Johnstone, Hearts Peter Enckelman
20%
FIFA 18 EASFC 25 62-67, CM/CB, Twente, Gornik Zabrze, Aberdeen, Vejle Richard Jensen
20%
FIFA 21 EASFC 25 62-69, CB, Warta Poznan, Braunschweig Robert Ivanov
20%
FIFA 23 FIFA 23 63, CB, AIK, Värnamo Robin Tihi
20%
EASFC 24 EASFC 25 53, CB, Kalmar Rony Jansson
20%
EASFC 24 EASFC 26 76-80, ST, Real Sociedad, London City Sanni Franssi
20%
EASFC 26 EASFC 26 62, RM, Djurgården, Degerfors Santeri Haarala
20%
FIFA 17 EASFC 24 64-69, AIK, SPAL, Crotone, Chievo, Cosenza, OB, Ascoli Sauli Väisänen
20%
FIFA 17 FIFA 20 57-63, CM, HJK Sebastian Dahlström
20%
FIFA 10 FIFA 13 63-69, ST, TuS Koblenz, Derby, Oldham, Hibernian Shefki Kuqi
20%
FIFA 13 FIFA 13 64, ST, Fortuna Dusseldorf Timo Furuholm
20%
FIFA 17 FIFA 21 61-65, ST, Dynamo Dresden, Hansa Rostock, HJK Tim Väyrynen
20%
FIFA 10 FIFA 10 60, CB, Djurgården Toni Kuivasto
20%
FIFA 11 FIFA 11 59, CDM, Philadelphia Union Toni Ståhl
20%
EASFC 24 EASFC 26 62-69, LB, HJK, Paris FC Tuomas Ollila
20%
FIFA 19 FIFA 23 61-63, CAM, Zulte Waregem, Suwon FC Urho Nissilä
20%
FIFA 10 FIFA 11 61-65, RB, Zurich, Willem II Veli Lampi
20%
FIFA 10 FIFA 19 57-64, RB, Stabaek, Aalesund, HJK Ville Jalasto
20%
FIFA 18 FIFA 20 62, ST, HJK Akseli Pelvas
10%
FIFA 19 FIFA 22 62-65, LWB/RB/RWB, Örebro, Stal Mielec Albin Granlund
10%
FIFA 15 FIFA 15 61, ST, Heracles Aleksei Kangaskolkka
10%
FIFA 21 FIFA 21 56, RW, Lincoln City Alex Bradley
10%
EASFC 25 EASFC 26 68-69, LM/LB, Rosengård Anni Hartikainen
10%
FIFA 23 EASFC 24 59-63, ST, HJK Anthony Olusanya
10%
FIFA 20 EASFC 26 62-72, ST, Viking, Haugesund, Cracovia, Hannover Benjamin Källman
10%
FIFA 10 FIFA 17 61-68, ST, Zulte Waregem, Thun, Krylja Sovetov Berat Sadik
10%
FIFA 11 FIFA 22 60-64, CB/RB, Alania, Dinamo Moscow, Rostov, Lokomotiv Boris Rotenberg
10%
FIFA 21 EASFC 26 60-65, GK, Mjällby, Dundee, Nordsjaelland, Sarpsborg, Sandefjord Carljohan Eriksson
10%
EASFC 24 EASFC 26 53-59, ST, HJK, Rakow David Ezeh
10%
EASFC 25 EASFC 25 64, CB, HJK Diogo Tomas
10%
EASFC 26 EASFC 26 60, CB, Dijon Emmi Siren
10%
FIFA 11 FIFA 19 63-65, CB, Helsingborg, Sogndal, HJK Hannu Patronen
10%
FIFA 12 FIFA 13 64-66, GK, GAIS, Tromso Henri Sillanpää
10%
FIFA 20 FIFA 21 59, CDM, Brentford, Wimbledon Jaakko Oksanen
10%
EASFC 24 EASFC 24 56, GK, Freiburg II Jaaso Jantunen
10%
FIFA 11 FIFA 11 61, CB, Djurgården Jani Lyyski
10%
EASFC 26 EASFC 26 61, CM, Rizespor Janne-Pekka Laine
10%
FIFA 11 FIFA 11 60, CDM, Elfsborg Jari Ilola
10%
FIFA 15 FIFA 16 60-63, RB, Odd Jarkko Hurme
10%
EASFC 25 EASFC 26 61, GK, Lecce Jasper Samooja
10%
FIFA 11 FIFA 17 57-63, LWB/LB, Gefle Jens Portin
10%
FIFA 14 FIFA 15 58, CB, Mönchengladbach Joel Mero
10%
FIFA 11 FIFA 11 61, CDM, Djurgården Joel Perovuo
10%
FIFA 10 FIFA 12 44-64,CDM/CB, Ascoli, Padova Jonas Portin
10%
FIFA 12 FIFA 12 62, ST, Sydney FC Juho Mäkelä
10%
EASFC 26 EASFC 26 66, RM, NAC Breda Juho Talvitie
10%
EASFC 26 EASFC 26 60, LB, HJK Kaius Simojoki
10%
EASFC 24 EASFC 26 73-74, GK, Dijon, Havre Katriina Talaslahti
10%
FIFA 20 EASFC 26 58-60, RW/RB, HJK Kevin Kouassivi-Benissan
10%
FIFA 22 EASFC 24 60-62, ST, Viktoria Berlin, VfB Lubeck Kimmo Hovi
10%
EASFC 25 EASFC 26 60-66, CDM, Hoffenheim, Ulm, Magdeburg Luka Hyryläinen
10%
FIFA 11 FIFA 22 60-70, CB/CDM/CM, Malmö, DC United, Midtjylland, Esbjerg, HJK Markus Halsti
10%
EASFC 26 EASFC 26 63, RM, Öster Matias Tamminen
10%
EASFC 25 EASFC 26 56-58, CB, HJK Michael Boamah
10%
EASFC 25 EASFC 25 53, CM, HJK Niilo Kujasalo
10%
FIFA 10 FIFA 11 63-65, ST, Karlsruhe Niklas Tarvajärvi
10%
EASFC 25 EASFC 26 61-62, LB, HJK, Vålerenga Noah Pallas
10%
EASFC 26 EASFC 26 69, ST, Rosengård Oona Sevenius
10%
EASFC 26 EASFC 26 72, CM, West Ham Oona Siren
10%
FIFA 10 FIFA 18 63-72, GK, Lilleström, Spartak Nalchik, Tromso Otto Fredrikson
10%
FIFA 11 FIFA 11 61, ST, Åtvidaborg Paulus Roiha
10%
FIFA 10 FIFA 10 69, LW, Aalesund Peter Kopteff
10%
FIFA 20 EASFC 24 61-64, RW/LW Esbjerg, HJK, Craiova Pyry Soiri
10%
FIFA 20 FIFA 21 62-64, ST, Fortuna Sittard, Örebro Rasmus Karjalainen
10%
EASFC 24 EASFC 25 73, RM, Rosengård, Crystal Palace Ria Öling
10%
FIFA 19 FIFA 20 54, GK, HJK Robin Källman
10%
FIFA 15 FIFA 18 62-67, CM/CDM, Aalesund, Fulham, SonderjyskE Sakari Mattila
10%
EASFC 25 EASFC 25 57, LW, HJK Samuel Anini
10%
FIFA 20 EASFC 26 58-66, LM/LW, Pogon Szczecin, HJK Santeri Hostikka
10%
FIFA 20 EASFC 26 57-67, CM/CDM, HJK, Rosenborg Santeri Väänänen
10%
FIFA 18 FIFA 23 60, RM, Rangers, St. Pats Serge Atakayi
10%
FIFA 16 EASFC 25 60-67, LM/ST/RW, Åtvidaberg, Gefle, Norrköping, Brescia, Kalmar Simon Skrabb
10%
EASFC 25 EASFC 26 64-67, CM/LM, Glasgow Sofia Määttä
10%
EASFC 26 EASFC 26 68, CM, Petrolul Tommi Jyry
10%
FIFA 10 FIFA 11 69-72, CB/LB, Fulham, Viking Toni Kallio
10%
FIFA 14 FIFA 17 62-64, CM, Honefoss, HJK Toni Kolehmainen
10%
EASFC 25 EASFC 26 61-62, CB, Odds, Mjällby Tony Miettinen
10%
FIFA 16 FIFA 16 55, ST, Brighton Vahid Hambo
10%
FIFA 17 EASFC 24 64-68, CB, Waasland-Beveren, HJK Valtteri Moren
10%
EASFC 25 EASFC 25 68, ST, Glasgow Wilma Forsblom
10%
FIFA 17 EASFC 25 57-65, CB, HJK, Leeds, Barnsley Aapo Halme
0%
EASFC 24 EASFC 24 64, CM, HJK Aleksi Paananen
0%
FIFA 21 FIFA 21 57, CAM, Östersund Bakr Abdellaoui
0%
FIFA 19 FIFA 21 53-60, CM/ST, HJK Eetu Vertainen
0%
EASFC 26 EASFC 26 72, CB, West Ham Eva Nyström
0%
FIFA 11 FIFA 11 60, CM, Örebro Fredrik Nordback
0%
FIFA 15 FIFA 16 52-57, RB, Åtvidaborg Hampus Holmgren
0%
FIFA 17 FIFA 21 60-64, RB/HJK, Sarpsborg, HJK Henri Toivomäki
0%
FIFA 10 FIFA 10 63, CDM, Häcken Janne Saarinen
0%
FIFA 18 FIFA 23 62-63, RB, Sparta Rotterdam, HJK Janne Saksela
0%
FIFA 23 EASFC 24 65, LM, FC Emmen, Vejle Jasin Assehnoun
0%
FIFA 14 FIFA 14 51, CDM, Karlsruhe Jesper Brechtel
0%
EASFC 24 EASFC 24 60, CAM, HJK, Dundalk Johannes Yli-Kokko
0%
EASFC 24 EASFC 24 55, CB, Cork City Jonas Häkkinen
0%
FIFA 13 FIFA 13 57, GK, Fredikstad Jon Masalin
0%
FIFA 20 FIFA 20 58, CAM, HJK Joonas Vahtera
0%
FIFA 16 FIFA 16 58, CB, Heracles Joonas Vanhanen
0%
FIFA 10 FIFA 11 65-68, RW, Heracles, Willem II Juha Hakola
0%
FIFA 18 FIFA 20 60-64, LB, HJK, Tromso Juha Pirinen
0%
FIFA 18 FIFA 18 57, CB, Sundsvall Juho Pirttijoki
0%
FIFA 22 FIFA 22 58, CM, Freiburg II Julius Tauriainen
0%
FIFA 11 FIFA 11 60, CM, Haugesund Juska Savolainen
0%
FIFA 11 FIFA 12 62-63, CM, De Graafschap Jussi Kujala
0%
FIFA 22 EASFC 24 56, GK, Greuther Furth, Viborg FF Lasse Schulz
0%
FIFA 17 FIFA 17 57, RB, HJK Lassi Järvenpää
0%
EASFC 24 EASFC 26 54-60, CAM, HJK Liam Möller
0%
EASFC 26 EASFC 26 67, ST, London City Lotta Lindström
0%
FIFA 17 EASFC 26 57-66, RW/CM, HJK Lucas Lingman
0%
EASFC 24 EASFC 24 58, RW, HJK Maksim Stjopin
0%
FIFA 17 FIFA 20 59-61, GK, HJK Markus Uusitalo
0%
FIFA 19 FIFA 21 60-64, RW/RM, Zulte Waregem Mikael Soisalo
0%
FIFA 16 FIFA 16 59, LB, RB Leipzig Mikko Sumusalo
0%
FIFA 18 FIFA 19 63-66, CDM, HJK Moshtagh Yaghoubi
0%
FIFA 20 FIFA 20 53, CB, Esbjerg Noah Nurmi
0%
FIFA 17 FIFA 17 60, CDM, HJK Obed Malolo
0%
EASFC 24 EASFC 24 56, CB, HJK Oliver Pettersson
0%
EASFC 24 EASFC 24 63, CM, Freiburg II Oscar Wiklöf
0%
FIFA 20 FIFA 20 58, CB, Fortuna Sittard Patrik Raitanen
0%
FIFA 10 FIFA 10 64, CDM, FSV Frankfurt Pekka Lagerblom
0%
FIFA 21 FIFA 21 52, CM, HJK Pyry Hannola
0%
FIFA 17 EASFC 25 54-65, RW/CAM, HJK, AIK, Kalmar, Sundsvall Saku Ylätupa
0%
FIFA 20 FIFA 20 51, RB, HJK Samu Laitinen
0%
FIFA 17 FIFA 17 60, RB, HJK Sebastian Sorsa
0%
EASFC 25 EASFC 25 74, GK, Orlando Sofia Manner
0%
FIFA 17 FIFA 17 64, CB, Start Tapio Heikkilä
0%
FIFA 21 FIFA 21 56, CB, Sligo Rovers Teemu Penninkangas
0%
FIFA 16 FIFA 17 63-64, CB, Aalesund Tero Mäntylä
0%
FIFA 11 FIFA 11 60, RM, Örebro Tommy Wirtanen
0%
FIFA 10 FIFA 11 63-65, CB, Göteborg, Trelleborg Tuomo Turunen
0%
FIFA 19 FIFA 19 52, CB, HJK Valtteri Vesiaho
0%
Ehtoja vastaavia visoja ei löytynyt
Tulosjakauma
Jokaisen tuloksen saaneiden osuus
Persentiili vastausten määrän mukaan
Tuloshistoriasi
Et ole pelannut tätä visaa